MARC details
| 000 -CABECERA |
| campo de control de longitud fija |
01735nam a2200241 a 4500 |
| 001 - NÚMERO DE CONTROL |
| campo de control |
000027188 |
| 005 - FECHA Y HORA DE LA ÚLTIMA TRANSACCIÓN |
| campo de control |
20240410073847.0 |
| 008 - DATOS DE LONGITUD FIJA--INFORMACIÓN GENERAL |
| campo de control de longitud fija |
110330s1999 dr 000 0bspa d |
| 040 ## - FUENTE DE LA CATALOGACIÓN |
| Centro catalogador/agencia de origen |
DO-SdBNP |
| Lengua de catalogación |
spa |
| Centro/agencia transcriptor |
BNPHU |
| 082 ## - NÚMERO DE LA CLASIFICACIÓN DECIMAL DEWEY |
| Número de clasificación |
923.17293 |
| Número de documento/Ítem |
H594T, 1999 |
| 100 1# - ENTRADA PRINCIPAL--NOMBRE DE PERSONA |
| Nombre de persona |
Tejada, Adriano Miguel |
| Fechas asociadas al nombre |
1948-2020 |
| 9 (RLIN) |
8560 |
| 245 13 - MENCIÓN DE TÍTULO |
| Título |
El ajusticiamiente de Lilís / |
| Mención de responsabilidad, etc. |
Adriano Miguel Tejada. |
| 250 ## - MENCIÓN DE EDICIÓN |
| Mención de edición |
Edición Especial con motivo de conmemorarse el Centenario de la Gesta del 26 de julio de 1899. |
| 260 ## - PUBLICACIÓN, DISTRIBUCIÓN, ETC. |
| Lugar de publicación, distribución, etc. |
Santo Domingo : |
| Nombre del editor, distribuidor, etc. |
Comisión Oficial de Efemérides Patrias, |
| Fecha de publicación, distribución, etc. |
1999. |
| 300 ## - DESCRIPCIÓN FÍSICA |
| Extensión |
105 p. ; |
| Dimensiones |
22 cm. |
| 504 ## - NOTA DE BIBLIOGRAFÍA, ETC. |
| Nota de bibliografía, etc. |
Incluye referencias bibliográficas y notas al pie de páginas |
| 505 0# - NOTA DE CONTENIDO CON FORMATO |
| Título |
Presentación / |
| Mención de responsabilidad |
Simón Lizardo Mézquita -- |
| Título |
Benditos los que matan -- |
| -- |
Antecedentes -- |
| -- |
El viaje -- |
| -- |
La penúltima hora -- |
| -- |
La muerte -- |
| -- |
El epílogo -- |
| -- |
Las versiones -- |
| -- |
La versión de Don Pedro Troncoso Sánchez -- |
| -- |
La versión de Don Emilio Rodríguez Demorizi -- |
| -- |
La versión de Don Bimbe González -- |
| -- |
Cómo mueren los tiranos y desaparecen las dictaduras / |
| Mención de responsabilidad |
José Brache -- |
| Título |
El 26 de julio de 1899 / |
| Mención de responsabilidad |
Julio Jaime Julia -- |
| Título |
Informe a la Academia Dominicana de la Historia de la aparición , comprobación y traslado de los restos del Presidente General Ulises Heureaux / |
| Mención de responsabilidad |
Carlos Dobal -- |
| Título |
Lilís y la cultura política del dominicano -- |
| -- |
El folklore como mecanismo de control político en Heureaux -- |
| -- |
Breve biografía del General Ulises Heureaux (Lílis) -- |
| 590 ## - NOTA LOCAL (RLIN) |
| Nota local |
Inventariado, 2020/VM |
| 600 10 - PUNTO DE ACCESO ADICIONAL DE MATERIA--NOMBRE DE PERSONA |
| Nombre de persona |
Heureaux, Ulises, |
| Fechas asociadas al nombre |
1845-1899 |
| 9 (RLIN) |
598 |
| 650 #4 - PUNTO DE ACCESO ADICIONAL DE MATERIA--TÉRMINO DE MATERIA |
| Término de materia o nombre geográfico como elemento de entrada |
Presidentes |
| Subdivisión geográfica |
República Dominicana |
| Subdivisión de forma |
BIOGRAFÍAS |
| 9 (RLIN) |
1288 |
| 651 #0 - PUNTO DE ACCESO ADICIONAL DE MATERIA--NOMBRE GEOGRÁFICO |
| Nombre geográfico |
República Dominicana -- |
| Subdivisión general |
Historia -- |
| Subdivisión cronológica |
1844-1930 |
| 9 (RLIN) |
1009 |
| 910 ## - DATOS DE OPCIÓN DEL USUARIO (OCLC) |
| Datos de opción del usuario |
Validado. Control de calidad MMOLINA |